000 00275nam a22001217a 4500
999 _c12557
_d12557
020 _a9788120349094
082 _a150
100 _aSeligman, Linda
245 _aTheories of Counselling and Psychotherapy
250 _a4th edition
260 _aIndia
_bPHI
_c2014
942 _cBK